000 01508cam a2200253 4500500
005 20260322002550.0
041 _afre
042 _adc
100 1 0 _aLe Bihan, Blanche
_eauthor
245 0 0 _aThe place of family carers in social protection systems: A comparison between France and other European countries
260 _c2023.
500 _a93
520 _aThe French Federative Association of Psychiatry Students (AFFEP) formed a new associative board in October 2021. Various missions accompany this renewal, including the reform and construction of the psychiatry internship model, the continuation of the “Choisir psychiatrie” survey, the maintenance of our role as the national point of reference for psychiatry interns, commitment to our magazine Psy Déchaîné, and the creation of attractive digital content. This roadmap also reaffirms the values that we defend through these missions: federation, cooperation, representation, and diversity. Finally, the AFFEP will unveil this new team and enthusiastically invite you to join our organization.
690 _aaction publique
690 _aaidant
690 _aaidante
690 _aautonomie
690 _afamilialisme
690 _apersonnes âgées
690 _apersonnes en situation de handicap
690 _aproches
786 0 _nInformations sociales | o 208 | 4 | 2023-05-03 | p. 82-92 | 0046-9459
856 4 1 _uhttps://shs.cairn.info/journal-informations-sociales-2022-4-page-82?lang=en&redirect-ssocas=7080
999 _c1724547
_d1724547